000 01491nam2a2200253 4500
001 rc\1126111
005 20250622214907.0
035 _a(NLR Aleph) 006434384
090 _a5578820
_c5578820
100 _a20041126d1981 |||y0rusy50 ca
101 0 _arus
102 _aRU
105 _ay |||||||||
200 0 _aза 1980 г.
_f[Составители З.А. Константинова, Д.М. Змиев]
210 _d1981
_aБ. м.
215 _a72 с.
461 0 _1001rc\250692
_12001#$aПромышленные роботы$e(Автомат. манипуляторы с прогр. управлением)$eРетросп. библиогр. указ. отеч. и иностр. лит...$fМ-во станкостроит. и инструм. пром-сти СССР$gЦентр. науч.-техн. б-ка$vза 1980 г.
_96553415
_cМ.
_d1990
_fМ-во станкостроит. и инструм. пром-сти СССР
_nВНИИ информ. и техн.-экон. исслед. по машиностроению и робототехнике
_o(Автомат. манипуляторы с прогр. управлением) : Ретросп. библиогр. указ. отеч. и иностр. лит...
_tПромышленные роботы
_vза 1980 г.
702 1 _aКонстантинова
_bЗ.А.
_4220
801 0 _aRU
_bNLR
_gpsbo
801 1 _aRU
_bELAR
_2rusmarc
852 _aNLR
_bС
_jК-2/670
942 _cBOOK
980 _aNB